| 000 | 00776nam a22002417a 4500 | ||
|---|---|---|---|
| 003 | URS | ||
| 005 | 20250828100518.0 | ||
| 008 | 250403b ||||| |||| 00| 0 eng d | ||
| 020 | _a978-621-8173-00-2 | ||
| 040 | _cURS | ||
| 050 |
_aHG3311.4 _b.C333s 2019 |
||
| 100 |
_912111 _aDalisay, Jose "Butch" |
||
| 110 |
_912113 _aCentral Bank of the Philippines |
||
| 245 |
_aThe Story of Philippine Central Banking _b: Strength and Stability at Seventy |
||
| 264 |
_aManila _bCentral Bank of the Philippines _c©2019 |
||
| 300 |
_a383 pages.,: _c26 cm. |
||
| 336 |
_2rdacontent _atext |
||
| 337 |
_2rdamedia _aunmediated |
||
| 338 |
_2rdacarrier _avolume |
||
| 650 | 0 |
_911756 _aBanks and Banking _xPhilippines |
|
| 650 | 0 |
_912112 _aCentral Bank of the Philippines |
|
| 942 |
_2lcc _cF |
||
| 999 |
_c85126 _d85124 |
||